| 000 | 01841nam a2200505 c 4500 | ||
|---|---|---|---|
| 001 | 24542 | ||
| 003 | ES-MaCES | ||
| 005 | 20191213040009.0 | ||
| 008 | 120628s2012 sp o000 | spa d | ||
| 017 |
_aM 20629-2012 _bDL |
||
| 020 | _a9788484174288 | ||
| 024 | 7 |
_a270-12-011-3 _2nipo |
|
| 035 | _aCES20120004611m | ||
| 040 |
_aES-MaCES _bspa _cES-MaCES |
||
| 041 | 1 |
_aspa _heng |
|
| 245 | 0 | 0 |
_aEvolución del empleo y de la situación social en Europa 2011 _cComisión Europea ; [trad., Esther Rabasco] |
| 260 |
_aMadrid _bMinisterio de Empleo y Seguridad Social, Subdirección General de Información Administrativa y Publicaciones _c[2012] |
||
| 300 |
_a398 p. _c27 cm |
||
| 490 | 1 |
_aColección Informes y estudios. Serie Empleo _v48 |
|
| 500 | _aTraducción de: Employment and social developments in Europe 2011 | ||
| 504 | _aBibliografía | ||
| 541 | _cGratuito | ||
| 650 | 4 |
_aempleo _928299 |
|
| 650 | 4 |
_acondiciones de empleo _930040 |
|
| 650 | 4 |
_acondiciones de trabajo _928327 |
|
| 650 | 4 |
_acondiciones sociales _930469 |
|
| 650 | 4 |
_adesigualdad económica _929371 |
|
| 650 | 4 |
_adesigualdad social _930789 |
|
| 650 | 4 |
_abajos ingresos _929048 |
|
| 650 | 4 |
_aexclusión social _930629 |
|
| 650 | 4 |
_apobreza _927112 |
|
| 650 | 4 |
_acrisis económica _927102 |
|
| 650 | 4 |
_aEuropa _926940 |
|
| 650 | 4 |
_a2011 _931999 |
|
| 653 | 1 | 0 | _aEmpleo |
| 650 | 4 |
_929020 _apaís de la UE |
|
| 650 | 4 |
_926752 _aUE |
|
| 700 | 1 |
_aRabasco, Esther _etr. _921612 |
|
| 710 | 2 |
_aEspaña _bMinisterio de Empleo y Seguridad Social _eed. _93243 |
|
| 740 | 0 | 2 | _aEmployment and social developments in Europe 2011 |
| 830 | 0 |
_aColección Informes y estudios (España. Ministerio de Empleo y Seguridad Social) _pSerie Empleo _v48 _934659 |
|
| 902 | _aLIB Libro | ||
| 942 |
_2CES _cBK _h2.1. |
||
| 999 |
_c24542 _d24542 |
||